Epidemia = Outbreak /

Guardado en:
Bibliografiske detaljer
Hovedforfatter: Petersen, Wolfgang (realización)
Andre forfattere: Hoffman, Dustin (actuación) (actuación), Russo, Rene (actuación) (actuación), Freeman, Morgan (actuación) (actuación)
Format: Slide
Sprog:engelsk
Udgivet: Los Angeles, EUA : Warner Brothers, 1995, c1995
Fag:
Tags: Tilføj Tag
Ingen Tags, Vær først til at tagge denne postø!

MARC

LEADER 00000ngm^a2200000^a^4500
001 000395297
005 20250521000000.0
009 20260310121358.648
037 |a Acervo ITESO - Biblioteca 
041 |a ING 
082 |a 810.  |b PET 
100 |a Petersen, Wolfgang  |e (realización) 
240 1 1 |a [Epidemia] 
245 1 0 |a Epidemia =  |b Outbreak /  |c Realización de W. Petersen. 
264 4 |a Los Angeles, EUA :  |b Warner Brothers,  |c 1995, c1995 
264 2 |a México :  |b Warner Brothers [distribución],  |c 1998, c1998 
300 |a 1 DVD región 4 (128 min.) :  |b color 
336 |a imagen móvil bidimensional  |b tdi  |2 rdacontenido 
337 |a video  |b v  |2 rdamedio 
338 |a videodisco  |b vd  |2 rdasoporte 
546 |a En inglés, con subtítulos opcionales: español, inglés, portugués 
649 |a XX 
650 |a Cineastas Alemanes 
650 |a Películas de Suspenso y Terror 
650 |a Dramas Cinematográficos 
650 |a Cine Norteamericano -  |y 1990-1999 
650 |a Cine Norteamericano -  |y Siglo XX 
650 |a Virus 
650 |a Enfermedades Virales 
650 |a Enfermedades Infecciosas 
650 |a Epidemias -  |x Tema Principal 
650 |a Desastres 
650 |a Problemas Sociales 
650 |a Supervivencia 
650 |a Política y Salud Pública -  |z EUA 
650 |a California, EUA en el Cine 
700 |a Hoffman, Dustin  |e (actuación) 
700 |a Russo, Rene  |e (actuación) 
700 |a Freeman, Morgan  |e (actuación) 
910 |a Fondo General 
920 |a Audiovisuales - DVDs 
940 |a Películas 
905 |a 302 
901 |a 0500290596  |b IT2  |c DVS  |i C155814  |u 20250521 
902 |a https://opac.biblio.iteso.mx/vufind/Record/000395297